LIBRARY & INFORMATION CENTRE, KCAET, TAVANUR

ONLINE PUBLIC ACCESS CATALOGUE (OPAC)

Radio aids to navigation / (Record no. 7084)

MARC details
000 -LEADER
fixed length control field 00358cam a2200145ua 4500
003 - CONTROL NUMBER IDENTIFIER
control field OSt
008 - FIXED-LENGTH DATA ELEMENTS--GENERAL INFORMATION
fixed length control field 250108b |||||||| |||| 00| 0 eng d
041 ## - LANGUAGE CODE
Language code of text/sound track or separate title eng
082 ## - DEWEY DECIMAL CLASSIFICATION NUMBER
Classification number 621.3841
Item number SMI/RA
100 ## - MAIN ENTRY--AUTHOR NAME
Personal name Smith, R A .
245 ## - TITLE STATEMENT
Title Radio aids to navigation /
260 ## - PUBLICATION, DISTRIBUTION, ETC. (IMPRINT)
Place of publication New York :
Name of publisher McMillan and company ,
Year of publication 1948.
300 ## - PHYSICAL DESCRIPTION
Number of Pages 114 ; .
942 ## - ADDED ENTRY ELEMENTS (KOHA)
Koha item type Books
Holdings
Withdrawn status Lost status Damaged status Home library Current library Date acquired Full call number Accession Number Koha item type
      KAUAET KAUAET 07/04/2012 621.3841 SMI/RA 5487 Books
free website counter